|
|
|
|
| LEADER |
00822nam a22002171 4500 |
| 001 |
c000201939 |
| 003 |
CARM |
| 005 |
20021125001900.0 |
| 008 |
851113s1910 ag 0 spa d |
| 019 |
1 |
|
|a 4123074
|5 LACONCORD2021
|
| 035 |
|
|
|a (OCoLC)7184109
|5 LACONCORD2021
|
| 043 |
|
|
|a s-uy---
|
| 100 |
2 |
|
|a Ruíz Moreno, Martín,
|d 1833-1919.
|
| 245 |
1 |
3 |
|a El general Urquiza en la instruccion publica.
|
| 260 |
|
|
|a Buenos Aires :
|b Libreria La Facultad de J.Roldan,
|c 1910.
|
| 600 |
1 |
0 |
|a Urquiza, Justo Jose de,
|d 1801-1870.
|
| 650 |
|
0 |
|a Education
|z Uruguay
|x History.
|
| 852 |
8 |
|
|b CARM
|h A2:AO31A0
|i B06489
|p 0300266
|f BK
|
| 082 |
0 |
4 |
|a 370.9895
|
| 999 |
f |
f |
|i 2dd70599-ce82-56e2-b81b-21647e3daac6
|s 6e9c67b9-cc55-576d-968d-e05af3637826
|
| 952 |
f |
f |
|p Can circulate
|a CAVAL
|b CAVAL
|c CAVAL
|d CARM 1 Store
|e B06489
|f A2:AO31A0
|h Other scheme
|i book
|m 0300266
|